000
00292nam a2200109Ia 4500
008
230907s9999||||xx |||||||||||||| ||und||
082
_a
306.0973
_b
LAU
100
_a
Lauer, Robert H.
_9
116128
245
0
_a
Social problems and the quality of life /
300
_a
xvii, 558 pages :
942
_c
BK
999
_c
601128
_d
601128